Kerala's economic development: (Record no. 158457)

MARC details
000 -LEADER
fixed length control field 00752nam a22002057a 4500
005 - DATE AND TIME OF LATEST TRANSACTION
control field 20181030114024.0
010 ## - LCCN (DPL NO)
LC control number ENG-124405
020 ## - INTERNATIONAL STANDARD BOOK NUMBER
Terms of availability 1095.00
International Standard Book Number 9789352807659
035 ## - SYSTEM CONTROL NUMBER
System control number EN-107937
037 ## - SOURCE OF ACQUISITION
Source of stock number/acquisition DBAD/PUB.
082 ## - DEWEY DECIMAL CLASSIFICATION NUMBER
Classification number 338.954
245 ## - TITLE STATEMENT
Title Kerala's economic development:
Statement of responsibility, etc ed.by B.A. Prakash [and] Jerry Alwin
Remainder of title emerging issues and challenges /
260 ## - PUBLICATION, DISTRIBUTION, ETC. (IMPRINT)
Place of publication, distribution, etc New Delhi
Name of publisher, distributor, etc Sage Publications India Pvt. Ltd.
Date of publication, distribution, etc 2018
270 ## - ADDRESS
Address B1/I-1, Mohan Cooperative Industrial Area Mathura Road Post Bag 7
City New Delhi
Postal code 110044
300 ## - PHYSICAL DESCRIPTION
Extent xi,411p.
Dimensions 21cm.(Hb)
Other physical details ill.
500 ## - GENERAL NOTE
General note It includes about the editors and contributors and index
700 ## - ADDED ENTRY--PERSONAL NAME
Personal name Prakash, B.A.
700 ## - ADDED ENTRY--PERSONAL NAME
Personal name Alwin, Jerry
942 ## - ADDED ENTRY ELEMENTS (KOHA)
Source of classification or shelving scheme Dewey Decimal Classification
Item type English Books
Call number suffix KER
Classification part 338.954
Holdings
Withdrawn status Lost status Not for loan Collection code Home library Current library Date acquired Source of acquisition Cost, normal purchase price Full call number Barcode Copy number Cost, replacement price Koha item type
    Not For Loan Non-fiction D.B.Act.Division Bawana 30/10/2018 DBAD/PUB 1095.00 338.954 KER EN-107937 1 1095.00 English Books

© Delhi Public Library
Hit Counter
free hit counter